Statistics for Districts of Mozambique with a Map

Click here to take the quiz!

General Stats

  • This quiz has been taken 30 times
  • The average score is 80 of 157

Answers on the Map

Answers color-coded by a green-red scale on the quiz's map according to % correct below.
 

Answer Stats

ProvinceDistrict% Correct
Maputo CityCidade De Maputo
100%
NampulaCidade De Nampula
91%
GazaCidade De Xai-Xai
86%
Cabo DelgadoCidade De Pemba
82%
InhambaneCidade De Inhambane
77%
NiassaCidade De Lichinga
77%
TeteCidade De Tete
77%
ManicaManica
77%
Cabo DelgadoAncuabe
73%
MaputoBoane
73%
SofalaCidade Da Beira
73%
Cabo DelgadoMacomia
73%
Cabo DelgadoMontepuez
73%
Cabo DelgadoNamuno
73%
Cabo DelgadoPalma
73%
ZambeziaAlto Molocue
68%
NampulaAngoche
68%
SofalaGorongosa
68%
ZambeziaGurue
68%
InhambaneInharrime
68%
TeteMagoe
68%
NiassaMarrupa
68%
NiassaMecanhelas
68%
Cabo DelgadoMecufi
68%
ZambeziaMocuba
68%
NampulaMoma
68%
NampulaMurrupula
68%
NampulaNacala
68%
ZambeziaPebane
68%
NampulaRibaue
68%
GazaBilene
64%
SofalaCaia
64%
GazaChibuto
64%
GazaChokwe
64%
ManicaCidade De Chimoio
64%
ZambeziaCidade De Quelimane
64%
ManicaGondola
64%
InhambaneInhassoro
64%
NampulaLalaua
64%
NampulaMalema
64%
NiassaMetarica
64%
Cabo DelgadoMetuge
64%
NampulaMogovolas
64%
NampulaMonapo
64%
NampulaMossuril
64%
Cabo DelgadoMueda
64%
MaputoNamaacha
64%
ZambeziaNamacurra
64%
InhambaneVilankulo
64%
TeteCahora Bassa
59%
MaputoCidade Da Matola
59%
NiassaCuamba
59%
NampulaErati
59%
ZambeziaGile
59%
NampulaIlha De Moçambique
59%
NiassaLago
59%
NampulaLarde
59%
MaputoMagude
59%
NampulaMeconta
59%
NampulaMecuburi
59%
NampulaMemba
59%
Cabo DelgadoMocimboa Da Praia
59%
NampulaMogincual
59%
NampulaNacala-A-Velha
59%
NampulaNacaroa
59%
InhambanePanda
59%
SofalaDondo
55%
ZambeziaIle
55%
NampulaLiúpo
55%
NiassaMandimba
55%
NampulaRapale
55%
InhambaneZavala
55%
Cabo DelgadoChiure
50%
Cabo DelgadoIbo
50%
ZambeziaMilange
50%
NampulaMuecate
50%
Cabo DelgadoNangade
50%
ZambeziaNicoadala
50%
Cabo DelgadoQuissanga
50%
Cabo DelgadoBalama
45%
InhambaneHomoine
45%
NiassaLago Niassa
45%
GazaMabalane
45%
MaputoMarracuene
45%
GazaMassingir
45%
TeteChangara
41%
ZambeziaChinde
41%
InhambaneFunhalouro
41%
GazaGuija
41%
GazaLimpopo
41%
InhambaneMabote
41%
ManicaMacossa
41%
NiassaMajune
41%
MaputoManhiça
41%
SofalaMaringue
41%
SofalaMarromeu
41%
GazaMassangena
41%
InhambaneMassinga
41%
NiassaMaua
41%
NiassaMecula
41%
Cabo DelgadoMeluco
41%
TeteMoatize
41%
ZambeziaMopeia
41%
Cabo DelgadoMuidumbe
41%
TeteMutarara
41%
ZambeziaNamarroi
41%
NiassaNipepe
41%
ManicaSussundenga
41%
TeteAngonia
36%
ManicaBarue
36%
SofalaBuzi
36%
SofalaChemba
36%
SofalaCheringoma
36%
SofalaChibabava
36%
GazaChicualacuala
36%
TeteChifunde
36%
GazaChigubo
36%
TeteChiuta
36%
InhambaneGovuro
36%
ManicaGuro
36%
ZambeziaInhassunge
36%
InhambaneJangamo
36%
ZambeziaLugela
36%
TeteMacanga
36%
SofalaMachanga
36%
ManicaMachaze
36%
TeteMaravia
36%
MaputoMatutuine
36%
NiassaMavago
36%
InhambaneMaxixe
36%
MaputoMoamba
36%
ZambeziaMorrumbala
36%
InhambaneMorrumbene
36%
ManicaMossurize
36%
SofalaMuanza
36%
NiassaMuembe
36%
NiassaNgauma
36%
SofalaNhamatanda
36%
NiassaSanga
36%
ManicaTambara
36%
TeteTsangano
36%
ManicaVanduzi
36%
ZambeziaDerre
32%
TeteDoa
32%
ZambeziaMaganja Da Costa
32%
GazaMandlakaze
32%
TeteMarara
32%
ZambeziaMolumbo
32%
ZambeziaMulevala
32%
NiassaChimbonila
27%
GazaChongoene
27%
ZambeziaLuabo
27%
ManicaMacate
27%
GazaMapai
27%
ZambeziaMocubela
27%
ZambeziaMaquival
23%
TeteZumbu
23%

Score Distribution

Percentile by Number Answered

Percent of People with Each Score

Your Score History

You have not taken this quiz